ბათუმის შოთა რუსთაველის სახელმწიფო უნივერსიტეტის ბიბლიოთეკა

ბელადის დაძახილზე (ბიბ.ჩანაწერი № 48485)

000 -LEADER
fixed length control field 00458nam a2200157Ia 4500
001 - CONTROL NUMBER
control field 15380
003 - CONTROL NUMBER IDENTIFIER
control field GE_BSU
008 - FIXED-LENGTH DATA ELEMENTS--GENERAL INFORMATION
fixed length control field 181216s||||||||xx |||||||||||||| ||und||
040 ## - CATALOGING SOURCE
Transcribing agency GE_BSU
100 ## - MAIN ENTRY--PERSONAL NAME
Personal name ქუჩიშვილი,გიორგი
245 ## - TITLE STATEMENT
Title ბელადის დაძახილზე
245 ## - TITLE STATEMENT
Remainder of title ლექსები
653 ## - INDEX TERM--UNCONTROLLED
Uncontrolled term ბელადის დაძახილზე
653 ## - INDEX TERM--UNCONTROLLED
Uncontrolled term ლექსები
942 ## - ADDED ENTRY ELEMENTS (KOHA)
Koha item type წიგნი

არაა ხელმისაწვდომი ეგზემპლარები.